000 01729nam a2200397 4500
001 14000
003 http://catalogue.bnf.fr/ark:/12148/cb48670943t
005 20260113164025.0
010 _a9782958694258
_d6 EUR
073 0 _a9782958694258
090 _a14000
099 _o0
100 _a20251222d2025 m y0frey50 ba
101 0 _afre
102 _aFR
105 _a||||z 00|||
181 0 _601
_ai
_bxxxe
181 _602
_ctxt
_2rdacontent
182 0 _601
_an
182 _602
_cn
_2rdamedia
200 1 _aJe peux pas j'ai Noah
_bLIVR
214 0 _cLa Maison Théâtre
_d2025
214 3 _cImpr. OTT IMPRIMEUR
214 0 _aStrasbourg
214 3 _a67-Wasselone
215 _a1 vol. (29 p.)
215 _d21 cm
225 1 _aLes cahiers théâtre
_vn° 22
225 1 _idès 11 ans
323 _a5 personnages
330 _aMila et Noah, c est LE couple dans la cour du collège. Il et elle ne se quittent plus et les autres semblent gêner Noah. Est-ce au nom de l amour qu il se fâche à propos d une jupe que Mila portait pour lui plaire ? Pourquoi lui imposet- il une relation exclusive qui l engloutit chaque jour un peu plus ? Heureusement, Capu, son amie, est l une des branches auxquelles Mila pourra s accrocher pour retrouver le goût de la vie. Catherine Verlaguet aborde avec beaucoup de délicatesse et de subtilité la question de la relation amoureuse qui, dès le plus jeune âge, peut être toxique. Essentiel, surtout dès les premiers émois.
610 _ajeunesse
_aadolescence
_aromance
700 _aVerlaguet
_bCatherine
700 _cAuteur du texte
801 0 _aFR
_bFR-751131015
_c20251222
_gAFNOR
_hFRBNF486709430000007
856 2 _u1147944
_bPremière de couverture